000 01172nam a2200265 a 4500
001 13834
003 BD-JhCC
005 20240421114600.0
008 210923b2020 bg |||| ||a| 000 0 Ben d
020 _a9789843473509
035 _a(BD-JhCC)13834
040 _aBD-JhCC
_dBD-JhCC
041 _aBengali
082 _a297.6372
_bSAR 2020
100 _aসারজানি, ড. রাগিব
245 _aনবিজি:
_b যাঁর আদর্শে বিমোহিত পৃথিবী /
_c ড. রাগিব সারজানি, অনু:মাওলানা মোহাম্মাদ আব্দুন নূর সিরাজী , মুহাম্মদ রোকন উদ্দিন।
260 _aঢাকা:
_bমুহাম্মদ পাবলিকেশন্স;
_c২০২০.
300 _a608 p. :
_c22 cm.
600 _aMuhammad,Prophet
650 _aWar --Religious Aspects--Islam
700 _a সিরাজী , মাওলানা মোহাম্মাদ আব্দুন নূর
700 _a উদ্দিন,মুহাম্মদ রোকন
942 _2ddc
_cBK
_07
999 _c13834
_d13834